000 00697nam a22001577a 4500
999 _c62641
_d62641
003 Ge_BSU
005 20241225164931.0
008 241225s1974 ge ||||| |||| 00| 0 geo d
041 _ageo
080 _a611(084.4)(038) ვ-58
100 _aვისოცკაია, ვ.
_924029
245 _aადამიანის მცირე ანატომიური ატლასის ინგლისურ-ქართულ-რუსული ტერმინოლოგია /
_cვ. ვისოცკაია.
264 _aთბილისი :
_bსაბჭ. საქართველო,
_c1974.
300 _a61 გვ. ;
_b26 სმ.
942 _2udc
_cᲬᲘᲒᲜᲘ